Encyclopedia of Persian Women from Ancient to Modern Islaimc TImes (Record no. 23717)

MARC details
000 -LEADER
fixed length control field 00446nam a22001697a 4500
003 - CONTROL NUMBER IDENTIFIER
control field OSt
005 - DATE AND TIME OF LATEST TRANSACTION
control field 20260514125553.0
008 - FIXED-LENGTH DATA ELEMENTS--GENERAL INFORMATION
fixed length control field 260514b |||||||| |||| 00| 0 eng d
020 ## - INTERNATIONAL STANDARD BOOK NUMBER
International Standard Book Number 9781907653889
040 ## - CATALOGING SOURCE
Transcribing agency XYZ
050 ## - LIBRARY OF CONGRESS CALL NUMBER
Classification number 305.48
Item number CAM
100 ## - MAIN ENTRY--PERSONAL NAME
Personal name Cameron David
245 ## - TITLE STATEMENT
Title Encyclopedia of Persian Women from Ancient to Modern Islaimc TImes
260 ## - PUBLICATION, DISTRIBUTION, ETC.
Place of publication, distribution, etc. London UK
Name of publisher, distributor, etc. KOROS PRESS LIMITED
Date of publication, distribution, etc. 2015
300 ## - PHYSICAL DESCRIPTION
Extent 280
942 ## - ADDED ENTRY ELEMENTS (KOHA)
Source of classification or shelving scheme Dewey Decimal Classification
Koha item type Books
Suppress in OPAC No
Holdings
Withdrawn status Lost status Source of classification or shelving scheme Materials specified (bound volume or other part) Damaged status Not for loan Home library Current library Shelving location Date acquired Source of acquisition Cost, normal purchase price Total checkouts Full call number Barcode Date last seen Price effective from Koha item type
    Dewey Decimal Classification VOL-1     Henry Martyn Institute Library Henry Martyn Institute Library General stacks 05/14/2026 Kohinoor Book Distributor 37275.00   305.48 CAM 26036 05/14/2026 05/14/2026 Books
    Dewey Decimal Classification VOL-2     Henry Martyn Institute Library Henry Martyn Institute Library General stacks 05/14/2026 Kohinoor Book Distributor 37275.00   305.48 CAM 26037 05/14/2026 05/14/2026 Books
    Dewey Decimal Classification VOL-3     Henry Martyn Institute Library Henry Martyn Institute Library General stacks 05/14/2026 Kohinoor Book Distributor 37275.00   305.48 CAM 26038 05/14/2026 05/14/2026 Books
                   Copyright © 2026 | Henry Martyn Institute | Hyderabad | TS-500052 | INDIA | Implemented by hmi.edu.in
Hit-Count:

Powered by Koha